| 000 | 00000nam##2200000za#4500 |
| 001 | 9.639881 |
| 003 | CaOODSP |
| 005 | 20210624222404 |
| 007 | cr ||||||||||| |
| 008 | 150407|2001||||xxc|||||o f|0| 0 fre|d |
| 040 | |aCaOODSP|bfre |
| 043 | |an-cn--- |
| 086 | 1 |aT22-106/2001F-PDF |
| 110 | 1 |aCanada. |bTransports Canada. |
| 245 | 10|aCréation d'un schéma d'orientation des transports pour la prochaine décennie et au-delà : |h[ressource électronique]|bdéfinition des défis |
| 260 | |aOttawa - Ontario : |bTransports Canada |cc2001. |
| 300 | |a17p. |
| 590 | |a12-14-Supp|b2012-04-10 |
| 691 | 07|aPolitique des transports|2gcpds |
| 691 | 07|aGestion stratégique|2gcpds |
| 775 | 08|tCreating a transportation blueprint for the next decade and beyond : |w(CaOODSP)9.695759 |
| 776 | 0#|tCreating a transportation blueprint for the next decade and beyond : |w(CaOODSP)9.662931 |
| 776 | 0#|tCréation d'un schéma d'orientation des transports pour la prochaine décennie et au delà : |w(CaOODSP)9.662932 |
| 856 | 40|ahttp://publications.gc.ca|qPDF|s466 Ko|uhttps://publications.gc.ca/collections/Collection/T22-106-2001F.pdf |